| 000 | 01257nam a2200337 a 4500 | ||
|---|---|---|---|
| 001 | 000047541 | ||
| 003 | DO-SdBNP | ||
| 005 | 20250716102248.0 | ||
| 008 | 100330t 2011 dr 001 0dspa d | ||
| 020 | _a9789945443622 (serie) | ||
| 020 | _a9789945443707 (v. 168) | ||
| 040 |
_aDO-SdBNP _bspa _cBNPHU |
||
| 082 | 4 |
_a923.27293 _bD812b 2011 _222 |
|
| 100 | 1 |
_aBalcácer, Juan Daniel, _d1949- _96566 |
|
| 245 | 1 | 0 |
_aVicisitudes de Juan Pablo Duarte / _cJuan Daniel Balcácer ; prólogo José del Castillo. |
| 250 | _a2a. ed. | ||
| 260 |
_aSanto Domingo : _bBanco Central de la República Dominicana, _c2011. |
||
| 300 |
_a208 p. ; _c24 cm. |
||
| 490 | 0 |
_aBanco Central de la República Dominicana ; _v168 ; |
|
| 490 | 0 |
_aCiencias sociales ; _v25 |
|
| 500 | _aIncluye datos biográficos del autor en las solapas. | ||
| 500 | _aIncluye referencias bibliográficas y notas al pie de las páginas | ||
| 500 | _aIncluye índice onomástico | ||
| 590 | _aInventariado, 2018/ YL | ||
| 600 | 1 | 0 |
_aDuarte, Juan Pablo, _d1813-1876 _91494 |
| 651 | 0 |
_aRepública Dominicana _xHistoria _y1844-1930 _91009 |
|
| 700 | 1 |
_aCastillo, José del, _epról. _92145 |
|
| 710 | 2 |
_aBanco Central de la República Dominicana _983405 |
|
| 910 | _aVMateo | ||
| 942 |
_2ddc _cLBS1 |
||
| 999 |
_c47029 _d47029 |
||